00591nam a2200217Ia 4500008004100000020001600041100001900057245003700076245001900113260001500132260002000147260000900167300002300176300002700199300001100226500006500237650001600302650002100318650002500339700000900364160803s9999 xx 000 0 und d a0 439078075 aSimon, Seymour aMuscles : our muscular system /  cSeymour Simon. aNew York : bScholastic Inc. c1998 aunnumbere pages :  bcolor illustrations ;  c23 cm. aOriginally published: New York : Morrow Junior Books, c1998. aMuscles --  aMuscular System. xJuvenile literature. a1030